[Event "Chicago op 26th"]
[Site "Chicago"]
[Date "2017.05.26"]
[Round "3"]
[White "Karagianis, Pete"]
[Black "Hong, Andrew Z"]
[Result "1-0"]
[WhiteElo "2204"]
[BlackElo "2383"]
[PlyCount "135"]
[EventDate "2017.05.25"]
[EventType "swiss"]
[EventRounds "9"]
[EventCountry "USA"]
[SourceTitle "CBM 178 Extra"]
[Source "ChessBase"]
[SourceDate "2017.06.22"]
[SourceVersion "1"]
[SourceVersionDate "2017.06.22"]
[SourceQuality "1"]

1. d4 d5 2. c4 e6 3. Nc3 c6 4. Nf3 Nf6 5. g3 dxc4 6. Bg2 Nbd7 7. a4 Bb4 8. 0-0 0-0 9. Qc2 Qe7 10. a5 e5 11. a6 Re8 12. dxe5 Nxe5 13. Nd4 Bc5 14. axb7 Bxb7 15. Nf5 Qf8 16. Bg5 Nfd7 17. Ne4 Bb4 18. Rfd1 Bc8 19. Nfd6 Re6 20. Nxc8 Rxc8 21. Bh3 f5 22. Rxa7 Nb6 23. Be3 c5 24. Ng5 Rf6 25. Rb7 h6 26. Nf3 Nxf3+ 27. exf3 Kh8 28. Bf1 Qg8 29. Bf4 Ba5 30. Be5 Rf7 31. Rxb6 Bxb6 32. Bxc4 Qe8 33. Bxf7 Qxf7 34. Rd6 Re8 35. f4 Bc7 36. Rxh6+ Kg8 37. Rc6 Bxe5 38. fxe5 Rxe5 39. Rc8+ Kh7 40. Rxc5 Re1+ 41. Kg2 Qb7+ 42. f3 Qe7 43. Qxf5+ g6 44. Qc8 Re2+ 45. Kh3 Qf6 46. Rc6 Qg7 47. Rc7 Re7 48. Rc4 Re5 49. Rh4+ Rh5 50. Rxh5+ gxh5 51. Qf5+ Kh6 52. b4 Qb2 53. b5 Qf2 54. Qf6+ Kh7 55. b6 Qe2 56. Qf7+ Kh6 57. b7 h4 58. Qf6+ Kh7 59. Qxh4+ Kg7 60. Qg5+ Kh7 61. Qh5+ Kg7 62. b8Q Qf1+ 63. Kh4 Qc4+ 64. Qg4+ Qxg4+ 65. Kxg4 Kh6 66. Qd6+ Kg7 67. Kg5 Kh8 68. Qe7 1-0

[Event "Chicago op 26th"]
[Site "Chicago"]
[Date "2017.05.26"]
[Round "2"]
[White "Ramoutar, Alan Safar"]
[Black "Karagianis, Pete"]
[Result "0-1"]
[WhiteElo "1943"]
[BlackElo "2204"]
[PlyCount "106"]
[EventDate "2017.05.25"]
[EventType "swiss"]
[EventRounds "9"]
[EventCountry "USA"]
[SourceTitle "CBM 178 Extra"]
[Source "ChessBase"]
[SourceDate "2017.06.22"]
[SourceVersion "1"]
[SourceVersionDate "2017.06.22"]
[SourceQuality "1"]

1. e4 c5 2. Nc3 a6 3. f4 e6 4. Nf3 d5 5. d3 Nc6 6. g3 d4 7. Ne2 b5 8. Bg2 Bb7 9. 0-0 Nf6 10. c3 Be7 11. h3 Qb6 12. Kh1 dxc3 13. bxc3 c4 14. e5 cxd3 15. Qxd3 Rd8 16. Qc2 Nd5 17. Ned4 Nxd4 18. cxd4 Rc8 19. Qf2 0-0 20. Bb2 Nb4 21. Ne1 Bxg2+ 22. Qxg2 Qc6 23. Rf3 Qd5 24. Rf2 Rc4 25. a3 Qxg2+ 26. Kxg2 Nd5 27. Kf3 Rfc8 28. Nd3 Kf8 29. Rc1 Ke8 30. Rff1 Nb6 31. Rxc4 bxc4 32. Nb4 c3 33. Bc1 Bxb4 34. axb4 Rc4 35. Ke4 Rxb4 36. Kd3 Nd5 37. Rf2 Ra4 38. f5 Ra1 39. Bg5 Rd1+ 40. Kc4 Ra1 41. Kc5 Rb1 42. Ra2 Rb5+ 43. Kd6 Rb6+ 44. Kc5 Kd7 45. fxe6+ fxe6 46. Kc4 h6 47. Bc1 Rb1 48. Ba3 c2 49. Rxc2 Ne3+ 50. Kd3 Nxc2 51. Kxc2 Rg1 52. g4 Rg2+ 53. Kc1 Ke8 0-1

[Event "US Open-117"]
[Site "Indianapolis"]
[Date "2016.08.02"]
[Round "4"]
[White "Hajiarbabi, Kiana"]
[Black "Karagianis, Pete"]
[Result "0-1"]
[WhiteElo "1747"]
[BlackElo "2186"]
[PlyCount "74"]
[EventDate "2016.07.30"]
[EventType "swiss"]
[EventRounds "9"]
[EventCountry "USA"]
[SourceTitle "CBM 173 Extra"]
[Source "ChessBase"]
[SourceDate "2016.08.29"]
[SourceVersion "1"]
[SourceVersionDate "2016.08.29"]
[SourceQuality "1"]

1. e4 c5 2. Nf3 e6 3. d4 cxd4 4. Nxd4 a6 5. Nc3 Qc7 6. g3 Bb4 7. Bd2 Nc6 8. Nb3 Nf6 9. Bg2 0-0 10. 0-0 Be7 11. Bf4 d6 12. Re1 Ne5 13. Qe2 Bd7 14. Nd2 Rac8 15. Nf3 b5 16. a3 Bc6 17. Nxe5 dxe5 18. Be3 Qb7 19. f3 Nd7 20. f4 a5 21. Bf2 b4 22. axb4 axb4 23. Na4 Bb5 24. Qd2 Rfd8 25. b3 Nf6 26. Qc1 Ng4 27. Bf1 Nxf2 28. Kxf2 exf4 29. Bxb5 fxg3+ 30. hxg3 Qxb5 31. Rd1 Qh5 32. Rh1 Qg6 33. Re1 Bg5 34. Qb2 Rd2+ 35. Re2 Rxe2+ 36. Kxe2 Qxe4+ 37. Kd1 Rd8+ 0-1

[Event "Chicago op 24th"]
[Site "Chicago"]
[Date "2015.05.22"]
[Round "3"]
[White "Karagianis, Pete"]
[Black "Homa, Seth"]
[Result "1-0"]
[WhiteElo "2162"]
[BlackElo "2366"]
[PlyCount "65"]
[EventDate "2015.05.21"]
[EventType "swiss"]
[EventRounds "9"]
[EventCountry "USA"]
[SourceTitle "CBM 166 Extra"]
[Source "ChessBase"]
[SourceDate "2015.06.18"]
[SourceVersion "1"]
[SourceVersionDate "2015.06.18"]
[SourceQuality "1"]

1. d4 Nf6 2. c4 e6 3. Nf3 c5 4. d5 d6 5. Nc3 exd5 6. cxd5 g6 7. Bf4 a6 8. a4 Bg7 9. h3 0-0 10. Nd2 Re8 11. e3 Nbd7 12. Nc4 Ne5 13. Bxe5 dxe5 14. a5 e4 15. Be2 h5 16. Qd2 Bf5 17. Nb6 Rb8 18. d6 Be6 19. Nca4 Bf8 20. Rd1 Bb3 21. 0-0 Bxd1 22. Rxd1 Nd7 23. Nxd7 Qxd7 24. Nb6 Qf5 25. d7 Red8 26. Bc4 Bg7 27. Qc2 Qe5 28. Rd5 Qxb2 29. Qxe4 Qa1+ 30. Kh2 Qxa5 31. Rd6 Qc3 32. f4 h4 33. Qe7 1-0

[Event "North American op 28th"]
[Site "Stillwater"]
[Date "2010.05.30"]
[Round "8"]
[White "Karagianis, Pete"]
[Black "Long, James1111"]
[Result "1-0"]
[WhiteElo "2217"]
[BlackElo "2087"]
[PlyCount "59"]
[EventDate "2010.05.28"]
[EventType "swiss"]
[EventRounds "10"]
[EventCountry "USA"]
[SourceTitle "CBM 136 Extra"]
[Source "ChessBase"]
[SourceDate "2010.07.02"]
[SourceVersion "2"]
[SourceVersionDate "2010.07.15"]
[SourceQuality "1"]

1. d4 Nf6 2. c4 g6 3. Nc3 Bg7 4. Nf3 d6 5. Bg5 h6 6. Bh4 0-0 7. e3 Nbd7 8. Be2 c6 9. h3 Qa5 10. 0-0 Re8 11. a3 Nf8 12. Qc2 e5 13. Bg3 Nh5 14. Bh2 f5 15. c5 exd4 16. Nxd4 dxc5 17. Nb3 Qb6 18. Na4 Qd8 19. Bxh5 gxh5 20. Naxc5 Qf6 21. Nd4 b6 22. Nd3 c5 23. Nb5 Ne6 24. Be5 Qg5 25. Bxg7 Qxg7 26. Nd6 Rf8 27. Qb3 Bd7 28. Nf4 Qe5 29. Rad1 Kh8 30. Ng6+ 1-0

[Event "Saint Paul 3rd"]
[Site "Saint Paul"]
[Date "2010.03.07"]
[Round "9"]
[White "Karagianis, Pete"]
[Black "Purcell, Brendan"]
[Result "1-0"]
[WhiteElo "2203"]
[BlackElo "1997"]
[PlyCount "71"]
[EventDate "2010.02.27"]
[EventType "tourn"]
[EventRounds "9"]
[EventCountry "USA"]
[SourceTitle "CBM 135 Extra"]
[Source "ChessBase"]
[SourceDate "2010.05.04"]
[SourceVersion "1"]
[SourceVersionDate "2010.05.04"]
[SourceQuality "1"]

1. d4 d5 2. c4 c6 3. Nf3 Nf6 4. Nc3 dxc4 5. g3 Bf5 6. Bg2 h6 7. Ne5 Nbd7 8. Nxc4 e6 9. 0-0 Nb6 10. Nxb6 axb6 11. e4 Bg4 12. Qd3 Bc5 13. Be3 e5 14. d5 0-0 15. h3 Bh5 16. Bxc5 bxc5 17. Qe3 Qb6 18. b3 Qb4 19. dxc6 bxc6 20. Rac1 c4 21. Na4 cxb3 22. axb3 Rab8 23. Nc5 Ra8 24. Rc4 Qa3 25. Rcc1 Rfd8 26. Qc3 Qa7 27. Qxe5 Re8 28. Qb2 Bg6 29. Rfe1 Re7 30. Ra1 Qxc5 31. Rxa8+ Kh7 32. Qa3 Qc3 33. Rc1 Qe5 34. Ra5 Qe6 35. e5 Nd5 36. Qd6 1-0

[Event "Saint Paul 3rd"]
[Site "Saint Paul"]
[Date "2010.02.28"]
[Round "5"]
[White "Hortillosa, Andres"]
[Black "Karagianis, Pete"]
[Result "0-1"]
[WhiteElo "2068"]
[BlackElo "2203"]
[PlyCount "77"]
[EventDate "2010.02.27"]
[EventType "tourn"]
[EventRounds "9"]
[EventCountry "USA"]
[SourceTitle "CBM 135 Extra"]
[Source "ChessBase"]
[SourceDate "2010.05.04"]
[SourceVersion "1"]
[SourceVersionDate "2010.05.04"]
[SourceQuality "1"]

1. e4 e5 2. Nf3 Nc6 3. Bb5 a6 4. Ba4 Nf6 5. 0-0 b5 6. Bb3 Be7 7. Re1 d6 8. c3 0-0 9. h3 Na5 10. Bc2 c5 11. d3 Nc6 12. Nbd2 Re8 13. Nf1 Bf8 14. Bg5 h6 15. Bxf6 Qxf6 16. Ne3 Ne7 17. Nh2 g6 18. g4 Bb7 19. c4 Qh4 20. Ng2 Qf6 21. Re3 Nc6 22. Rg3 Nd4 23. Nf3 Ne6 24. cxb5 axb5 25. Bb3 Nf4 26. g5 hxg5 27. Nxg5 Re7 28. Nxf4 exf4 29. Rg2 Bh6 30. h4 f3 31. Rg3 Bxg5 32. Rxg5 Kg7 33. Rg3 Qxh4 34. Qxf3 Rh8 35. Qg2 c4 36. dxc4 Rxe4 37. f3 Re2 38. Qxe2 Qh1+ 39. Kf2 0-1

[Event "USA-ch Qualifier"]
[Site "Tulsa"]
[Date "2008.03.28"]
[Round "2"]
[White "Karagianis, Pete"]
[Black "Robson, Ray"]
[Result "0-1"]
[WhiteElo "2201"]
[BlackElo "2389"]
[PlyCount "98"]
[EventDate "2008.03.28"]
[EventType "swiss"]
[EventRounds "7"]
[EventCountry "USA"]
[SourceTitle "CBM 123 Extra"]
[Source "ChessBase"]
[SourceDate "2008.05.06"]
[SourceVersion "1"]
[SourceVersionDate "2008.05.06"]
[SourceQuality "1"]

1. d4 d5 2. c4 e6 3. Nc3 c6 4. Nf3 Nf6 5. cxd5 exd5 6. Bg5 Be7 7. Qc2 g6 8. e3 Bf5 9. Bd3 Bxd3 10. Qxd3 Nbd7 11. 0-0 0-0 12. Rab1 a5 13. a3 Re8 14. Rfc1 Ne4 15. Bf4 f5 16. Ne2 Rf8 17. Bh6 Rf7 18. Nf4 Bd6 19. Ne6 Qf6 20. Neg5 Re7 21. Qb3 Ra7 22. Nxe4 Rxe4 23. Bg5 Qf8 24. Ne5 Nxe5 25. dxe5 Rxe5 26. Qb6 Qb8 27. Bf4 Ra6 28. Qd4 Re4 29. Bxd6 Qxd6 30. Qd3 Ra8 31. Rd1 Rae8 32. Qd2 a4 33. Rbc1 f4 34. exf4 Re2 35. Qd4 R8e4 36. Qb6 Qxf4 37. g3 Qf3 38. Rf1 Qb3 39. Qd8+ Re8 40. Qd7 Rf8 41. Qg4 Re4 42. Qd7 Rf7 43. Qd8+ Kg7 44. Rb1 Re2 45. Qd6 Qb6 46. Kh1 Qd4 47. Rbd1 Qxb2 48. Rb1 Qf6 49. Qc5 Rxf2 0-1

[Event "Stillwater OK op"]
[Site "Stillwater"]
[Date "2007.07.21"]
[Round "3"]
[White "Melekhina, Alisa"]
[Black "Karagianis, Pete"]
[Result "1-0"]
[WhiteElo "2099"]
[BlackElo "2196"]
[PlyCount "65"]
[EventDate "2007.07.21"]
[EventType "swiss"]
[EventRounds "5"]
[EventCountry "USA"]
[SourceTitle "CBM 119 Extra"]
[Source "ChessBase"]
[SourceDate "2007.09.04"]
[SourceVersion "1"]
[SourceVersionDate "2007.09.04"]
[SourceQuality "1"]

1. e4 e5 2. Nf3 Nc6 3. Nc3 Nf6 4. Bb5 Bc5 5. 0-0 Ng4 6. h3 h5 7. d3 d6 8. Bg5 f6 9. Bd2 g5 10. Na4 Nxf2 11. Rxf2 Bxf2+ 12. Kxf2 g4 13. Ng1 Bd7 14. h4 Nd4 15. Bxd7+ Qxd7 16. Nc3 0-0-0 17. Nge2 Nc6 18. Ng3 Ne7 19. Kg1 c6 20. Qe2 Rdf8 21. Rf1 d5 22. Qe1 d4 23. Nce2 Ng6 24. Bb4 Rf7 25. Nf5 Kb8 26. Neg3 b6 27. Nd6 Rff8 28. Ngf5 c5 29. Bd2 Rhg8 30. b4 Nxh4 31. Qxh4 g3 32. bxc5 Rg4 33. Qxh5 1-0

[Event "Las Vegas National op"]
[Site "Las Vegas"]
[Date "2006.06.16"]
[Round "1"]
[White "Karagianis, Pete"]
[Black "Gagunashvili, Merab"]
[Result "0-1"]
[WhiteElo "2226"]
[BlackElo "2560"]
[PlyCount "132"]
[EventDate "2006.06.16"]
[EventType "swiss"]
[EventRounds "6"]
[EventCountry "USA"]
[SourceTitle "CBM 112 Extra"]
[Source "ChessBase"]
[SourceDate "2006.07.14"]
[SourceVersion "1"]
[SourceVersionDate "2006.07.14"]
[SourceQuality "1"]

1. e4 d6 2. d4 Nf6 3. Nc3 g6 4. f4 Bg7 5. Nf3 c5 6. Bb5+ Bd7 7. Bxd7+ Nfxd7 8. d5 Na6 9. 0-0 Nc7 10. Qe2 0-0 11. a4 a6 12. Ra3 Rb8 13. Rb3 c4 14. Qxc4 Nc5 15. Rb6 Nb5 16. Rxb5 axb5 17. Nxb5 Qd7 18. b3 Rbc8 19. Qe2 f5 20. exf5 Qxf5 21. Rd1 Qe4 22. Qxe4 Nxe4 23. c4 Nc5 24. Nfd4 Nxb3 25. Nxb3 Rxc4 26. N3d4 Rfc8 27. Be3 Rxa4 28. Ne6 Ra1 29. Rxa1 Bxa1 30. Nbc7 Bc3 31. Bb6 h5 32. Kf2 Kf7 33. Kf3 Kf6 34. Ke4 h4 35. h3 Kf7 36. Ng5+ Kg7 37. Nge6+ Kh6 38. Kf3 Kh5 39. Ke4 Bf6 40. Kf3 g5 41. fxg5 Bxg5 42. Nxg5 Kxg5 43. Ke4 Kg6 44. Kf4 Kf6 45. Bd4+ Kf7 46. Ne6 b5 47. g3 hxg3 48. Kxg3 b4 49. h4 b3 50. h5 Rc4 51. h6 Kg6 52. Bg7 Rc2 53. Nf8+ Kf7 54. Bd4 b2 55. h7 b1Q 56. h8Q Qg1+ 57. Kf4 Qf1+ 58. Ke4 Qg2+ 59. Kf4 Qf1+ 60. Ke4 Rg2 61. Qh7+ Kxf8 62. Qh6+ Ke8 63. Qh8+ Qf8 64. Qh3 Rc2 65. Kd3 Rc1 66. Be3 Qf1+ 0-1

[Event "Schaumburg IM-C"]
[Site "Schaumburg"]
[Date "2006.04.22"]
[Round "9"]
[White "Karagianis, Pete"]
[Black "Sorkin, Igor"]
[Result "0-1"]
[WhiteElo "2226"]
[BlackElo "2356"]
[PlyCount "84"]
[EventDate "2006.04.18"]
[EventType "tourn"]
[EventRounds "9"]
[EventCountry "USA"]
[EventCategory "3"]
[SourceTitle "CBM 111 Extra"]
[Source "ChessBase"]
[SourceDate "2006.05.09"]
[SourceVersion "1"]
[SourceVersionDate "2006.05.09"]
[SourceQuality "1"]

1. d4 d6 2. Nf3 g6 3. c4 Bg7 4. Nc3 Nd7 5. e4 e5 6. d5 Ne7 7. Be2 0-0 8. g4 a5 9. Be3 Nc5 10. Rg1 Kh8 11. Qd2 Ng8 12. h4 Nf6 13. Bxc5 dxc5 14. Nxe5 Nxe4 15. Nxe4 Bxe5 16. Nxc5 Qxh4 17. Nd3 Bg7 18. 0-0-0 Qf6 19. Qf4 Qxf4+ 20. Nxf4 Bd7 21. Kc2 Ba4+ 22. b3 Bd7 23. Rde1 Bd4 24. Nd3 c5 25. a4 Kg7 26. Bf3 Rae8 27. Kd2 h6 28. Rxe8 Rxe8 29. Re1 Rxe1 30. Kxe1 f5 31. gxf5 Bxf5 32. Ke2 Kf6 33. Ne1 h5 34. Ng2 Bc2 35. d6 Bxb3 36. Kd3 Bxa4 37. Bxb7 Ke5 38. f4+ Kxd6 39. Be4 Bc6 40. Bxc6 Kxc6 41. Nh4 Bf6 42. Nf3 Kd6 0-1

[Event "Schaumburg IM-C"]
[Site "Schaumburg"]
[Date "2006.04.18"]
[Round "2"]
[White "Karagianis, Pete"]
[Black "Sher, Miron Naumovich"]
[Result "1/2-1/2"]
[WhiteElo "2226"]
[BlackElo "2431"]
[PlyCount "63"]
[EventDate "2006.04.18"]
[EventType "tourn"]
[EventRounds "9"]
[EventCountry "USA"]
[EventCategory "3"]
[SourceTitle "CBM 111 Extra"]
[Source "ChessBase"]
[SourceDate "2006.05.09"]
[SourceVersion "1"]
[SourceVersionDate "2006.05.09"]
[SourceQuality "1"]

1. d4 e6 2. c4 Bb4+ 3. Bd2 a5 4. e4 d6 5. Nc3 e5 6. a3 Bxc3 7. Bxc3 Nf6 8. f3 exd4 9. Qxd4 Nc6 10. Qe3 0-0 11. Ne2 Nd7 12. Nd4 Nc5 13. Nxc6 bxc6 14. b4 Na4 15. Bd4 Be6 16. Rd1 Qe7 17. Bd3 Rfb8 18. f4 f6 19. b5 Nb6 20. Rc1 c5 21. Ba1 Qf7 22. Qe2 Re8 23. 0-0 Re7 24. Qc2 a4 25. e5 f5 26. g4 Rf8 27. exd6 cxd6 28. Rce1 Rfe8 29. Rc1 Rf8 30. Rce1 Rfe8 31. Rc1 Rf8 32. Rce1 1/2-1/2

[Event "North American op 24th"]
[Site "Stillwater"]
[Date "2005.05.28"]
[Round "3"]
[White "Karagianis, Pete"]
[Black "Shulman, Yuri"]
[Result "0-1"]
[WhiteElo "2259"]
[BlackElo "2550"]
[PlyCount "103"]
[EventDate "2005.05.27"]
[EventType "swiss"]
[EventRounds "9"]
[EventCountry "USA"]
[SourceTitle "CBM 106 Extra"]
[Source "ChessBase"]
[SourceDate "2005.07.01"]
[SourceVersion "1"]
[SourceVersionDate "2005.07.01"]
[SourceQuality "1"]

1. d4 d5 2. c4 e6 3. Nf3 Nf6 4. Nc3 c6 5. e3 Nbd7 6. Qc2 Bd6 7. b3 0-0 8. Bb2 Qe7 9. Be2 dxc4 10. bxc4 e5 11. 0-0 Re8 12. Ne4 Nxe4 13. Qxe4 Nf6 14. Qh4 exd4 15. Bxd4 Ne4 16. Qh5 c5 17. Bb2 Bd7 18. Bd3 Bc6 19. Qg4 Qf8 20. Rad1 f5 21. Qh3 Re6 22. Nh4 Rh6 23. f4 Re8 24. Bxe4 Bxe4 25. Qg3 Qf7 26. Rd2 Bf8 27. Rfd1 Bc6 28. Rd5 Bxd5 29. Rxd5 Rh5 30. Kf2 Re4 31. Nf3 Rxc4 32. Rd2 Ra4 33. Ne5 Qe6 34. Nd7 Qg6 35. Qf3 Re4 36. Ne5 Qe8 37. Qd1 Rh6 38. Rd8 Rxe5 39. Bxe5 Qf7 40. Qd2 Re6 41. Bd6 Re8 42. Bxf8 Kxf8 43. Rd7 Qf6 44. Rxb7 Rd8 45. Qc2 Kg8 46. g3 Qc6 47. Qb2 Rd7 48. Rxd7 Qxd7 49. Qb3+ Kf8 50. Qc3 Qc7 51. Qc4 Qd6 52. Ke2 0-1

[Event "Chicago Spring"]
[Site "Chicago"]
[Date "2005.04.18"]
[Round "5"]
[White "Karagianis, Pete"]
[Black "Matikozian, Andranik"]
[Result "1-0"]
[WhiteElo "2259"]
[BlackElo "2515"]
[PlyCount "109"]
[EventDate "2005.04.16"]
[EventType "tourn"]
[EventRounds "11"]
[EventCountry "USA"]
[EventCategory "8"]
[SourceTitle "CBM 105 Extra"]
[Source "ChessBase"]
[SourceDate "2005.05.01"]
[SourceVersion "1"]
[SourceVersionDate "2005.05.01"]
[SourceQuality "1"]

1. d4 Nf6 2. c4 g6 3. Nc3 Bg7 4. Nf3 0-0 5. Bg5 d6 6. e3 c5 7. Be2 cxd4 8. exd4 h6 9. Bh4 Bf5 10. 0-0 Ne4 11. Re1 Nxc3 12. bxc3 Re8 13. Qb3 Qc7 14. c5 dxc5 15. Bc4 e6 16. d5 Qb6 17. Qa4 Na6 18. dxe6 Bxe6 19. Rab1 Qc7 20. Bxe6 Rxe6 21. Rxe6 fxe6 22. Qe4 Qc6 23. Qxg6 Rf8 24. Ne5 Qe8 25. Rxb7 Qxg6 26. Nxg6 Rb8 27. Rxb8+ Nxb8 28. c4 Kf7 29. Nf4 Bd4 30. Bg3 Nd7 31. Nd3 e5 32. Kf1 e4 33. Nc1 a5 34. Nb3 a4 35. Nxd4 cxd4 36. f3 exf3 37. gxf3 Nb6 38. Ke2 Nxc4 39. Kd3 Nb6 40. Kxd4 Ke6 41. Kc5 Nd5 42. a3 h5 43. Kb5 Nc3+ 44. Kb4 Ne2 45. Kxa4 Nd4 46. Ka5 Nxf3 47. a4 Kd7 48. Kb6 Nd2 49. a5 Nc4+ 50. Kb5 Na3+ 51. Kb4 Nc2+ 52. Kc5 Kc8 53. a6 h4 54. Bf4 h3 55. Kb6 1-0